| 000 | 00610nam a2200157Ia 4500 | ||
|---|---|---|---|
| 008 | 150610s9999 xx 000 0 und d | ||
| 020 | _a9780061744600 | ||
| 050 |
_aLB3013.32 _b .C65 2008 |
||
| 100 | _aColoroso, Barbara | ||
| 245 | 4 |
_aThe bully, the bullied and the bystander: _bfrom pre-school to high school: how parents and teachers can break the cycle of violence / _cBarbara Coloroso. |
|
| 260 |
_aNew York : _bHarper Collins, _c2008. |
||
| 300 |
_a241pages ; _c21 cm. |
||
| 504 | _aIncludes bibliographical references and index. | ||
| 520 | _aPrevention. | ||
| 650 |
_aBullying-United States _xPrevention. |
||
| 999 |
_c287990 _d287990 |
||